000 03119cam a2200337 4500500
005 20251228070447.0
041 _afre
042 _adc
100 1 0 _aDauvin, Antoine
_eauthor
245 0 0 _aLa municipalité de Caen et les prisonniers de guerre espagnols pendant la guerre de Trente Ans (1639-1648)
260 _c2016.
500 _a11
520 _aLe 19 mai 1635, la France déclare la guerre à l’Espagne et s’engage dans la guerre de Trente Ans (1618-1618). Dans ce premier conflit moderne entre pays européens, une nouvelle catégorie apparaît au sein du monde combattant, celle de « prisonnier de guerre ». Pour la première fois, des soldats capturés sur le champ de bataille sont envoyés dans les provinces du royaume de France pour y être enfermés et entretenus jusqu’à un échange général de prisonniers avec le Roi Catholique. Ils sont appelés « Espagnols » mais sont issus des armées cosmopolites de Philippe IV et peuvent être Italiens, Allemands, Wallons, Portugais. Récemment pardonnée après la répression des Nu-Pieds (1639), la ville de Caen fait partie des communautés désignées par le Conseil du roi pour recevoir ces prisonniers royaux. En tant que capitale de sa généralité, elle intervient dans toutes les places recevant des Espagnols au sein de sa circonscription. L’étude tente d’évaluer son rôle dans l’exécution des ordres du roi et la réaction des différents pouvoirs locaux face à ces derniers. Elle essaie de faire ressortir les lieux de détention utilisés à Caen, leurs originalités et le rôle de la bourgeoisie caennaise dans l’entretien et la surveillance des détenus.
520 _aFrance declared war on the Spanish empire on the 19th of May 1639. During this first modern conflict between European nations, a new concept was born : that of the “prisoner of war”. For the first time, prisoners taken on the battlefield were interned in several provinces before a general exchange of prisoners could be made. They were called “Spanish” but could have been Italians, Waloons, Germans or Portuguese. Recently pardoned after the 1639 peasant revolts (les Nu-Pieds), Caen was singled out by the King’s Council to accommodate these prisoners. As regional capital, Caen officials intervened everywhere “Spaniards” were housed. This article studies how royal orders were followed and how local authorities reacted. It shows how Caen distributed prisoners and the role of the Caen bourgeoisie in their supervision.
690 _aCaen
690 _achâteau de Caen
690 _aEspagne
690 _aFrance
690 _aGuerre de Trente Ans
690 _aprisonnier de guerre
690 _atour Chastimoine
690 _aCaen
690 _aCaen castle
690 _aChastimoine tower
690 _aFrance
690 _aSpain
690 _aThirty Years War
690 _awar prisoners
786 0 _nAnnales de Normandie | 65e aée | 2 | 2016-01-15 | p. 29-54 | 0003-4134
856 4 1 _uhttps://shs.cairn.info/revue-annales-de-normandie-2015-2-page-29?lang=fr&redirect-ssocas=7080
999 _c1592793
_d1592793